| 000 | 00694nam a2200205 i 4500 | ||
|---|---|---|---|
| 001 | 31967 | ||
| 003 | ES-MaACL | ||
| 005 | 20250803064615.0 | ||
| 007 | t| | ||
| 008 | 030130s1971 sp |||| | spa d | ||
| 100 | 1 |
_aBenítez, Rubén. _927614 |
|
| 245 | 1 | 0 |
_aBécquer tradicionalista / _cRubén Benítez. |
| 260 |
_aMadrid : _bGredos, _c[1971] |
||
| 300 |
_a354 p. ; _c20 cm. |
||
| 490 | 1 |
_aBiblioteca románica hispánica. II. Estudios y ensayos ; _v148 |
|
| 600 | 1 | 4 |
_aBécquer, Gustavo Adolfo, _d1836-1870- _xCrítica e interpretación _926977 |
| 830 | 0 |
_aBiblioteca románica hispánica. II. Estudios y ensayos ; _v148 _9178108 |
|
| 852 |
_aES-MaACL _jC-39164 |
||
| 999 |
_c31967 _d31967 |
||